XX congresso brasileiro de ciencia e tecnologia de alimentos alimentos e agroindústrias brasileiras no contexto internacional 08 a 11 de octubro de 2006, Expotrade, Curitiba, Paraná.
Guardado en:
| Autor Corporativo: | |
|---|---|
| Formato: | Electrónico |
| Idioma: | Portuguese |
| Publicado: |
Curitiba, Paraná, Brasil :
sbCTA,
2006.
|
| Materias: | |
| Etiquetas: |
Agregar Etiqueta
Sin Etiquetas, Sea el primero en etiquetar este registro!
|
| LEADER | 01135nmm a22002415a 4500 | ||
|---|---|---|---|
| 001 | EIQ.libpla004357 | ||
| 008 | 070619s2006####bl#########m########por#d | ||
| 005 | 20130314160158.0 | ||
| 245 | 1 | 0 | |a XX congresso brasileiro de ciencia e tecnologia de alimentos |h [recurso electrónico] : |b alimentos e agroindústrias brasileiras no contexto internacional 08 a 11 de octubro de 2006, Expotrade, Curitiba, Paraná. |
| 256 | |a Datos electrónicos | ||
| 260 | |a Curitiba, Paraná, Brasil : |b sbCTA, |c 2006. | ||
| 300 | |a 1 CD-ROM ; |c 12 cm. | ||
| 525 | |a Incluye suplemento en formato papel ISSN 0101-2061 | ||
| 538 | |a "Windows 95 ou superior, CD-ROM 4X, SVGA em 640x256 cores" | ||
| 020 | |a 8560299009 | ||
| 111 | 2 | |a Congresso Brasileiro de Ciencia e Tecnologia de Alimentos |n (20º : |d 2006 : |c Curitiba, Paraná) | |
| 246 | 1 | 2 | |a Anais : |b alimentos e agroindústrias brasileiras no contexto internacional |
| 650 | 4 | |a Alimentos |x Congresos. | |
| 650 | 4 | |a Tecnología de alimentos |x Congresos. | |
| 650 | 4 | |a Food |x Congresses. | |
| 650 | 4 | |a Technology of food |x Congresses. | |
| 040 | |a AR-BbSID |b spa |c AR-BbSID | ||
| 859 | |a AR-BbSID |b BIB. PLAPIQUI |h 664 |i C62 |p 5983 | ||
